Declaraciones de renta, año tributario 2019
Spremljeno u:
| Glavni autori: | , |
|---|---|
| Format: | Knjiga |
| Jezik: | španjolski |
| Izdano: |
Santiago, Chile.
CEPET Ltda,
2019
|
| Teme: | |
| Oznake: |
Dodaj oznaku
Bez oznaka, Budi prvi tko označuje ovaj zapis!
|
MARC
| LEADER | 00000cam a2200000 a 4500 | ||
|---|---|---|---|
| 001 | UCC9243 | ||
| 003 | CL-VaPUC | ||
| 005 | 20211115154422.0 | ||
| 008 | 190914e20190000cl |||||||||||||||||spa|d | ||
| 999 | |c 375436 |d 375434 | ||
| 020 | |a 9789567583614 | ||
| 040 | |c Pontificia Universidad Católica de Valparaíso | ||
| 082 | 0 | 4 | |a 343.04 CON 2019 |2 21 |
| 100 | 0 | |a Contreras Urzúa, Hugo |e author |9 604207 | |
| 245 | 1 | 0 | |a Declaraciones de renta, año tributario 2019 |
| 260 | |a Santiago, Chile. |b CEPET Ltda, |c 2019 | ||
| 300 | |a 858 páginas | ||
| 583 | |a last modification |c 20190914 23:07:00 |k Rodrigo Vera | ||
| 650 | 0 | |a Declaración de la renta |2 CL-VaPUC |9 383780 | |
| 650 | 0 | |a Declaración de impuestos |2 CL-VaPUC |9 489820 | |
| 650 | 0 | |a Tributos |2 CL-VaPUC |9 371831 | |
| 700 | 0 | |a González Silva, Leonel |e author |9 604208 | |
| 852 | |a BIBGIM | ||
| 942 | |c BK |2 ddc | ||
| 945 | |d 20190914 23:07:00 |a dcastane | ||
| 952 | |0 0 |1 0 |3 erb |4 0 |6 343_040000000000000_CON_2019 |7 0 |8 A |9 494403 |a BIBGIM |b BIBGIM |d 2019-08-30 |e 61 |g 69000.00 |i 5560810 |o 343.04 CON 2019 |p 5560810 |r 2025-01-15 |v 69000.00 |w 2019-11-24 |y BK |z Catalogado en:20190914 |k COM | ||
| 952 | |0 0 |1 0 |3 erb |4 0 |6 343_040000000000000_CON_2019 |7 0 |8 A |9 494404 |a BIBGIM |b BIBGIM |d 2019-08-30 |e 61 |g 69000.00 |i 5560802 |l 1 |o 343.04 CON 2019 |p 5560802 |r 2025-01-15 |s 2022-05-02 |v 69000.00 |w 2019-11-24 |y BK |z Catalogado en:20190914 |k COM | ||